[Event "G7, gruppe 3"]
[Site "Skorping"]
[Date "2017.04.15"]
[Round "5"]
[White "Dithlevsen, Birgit"]
[Black "Nielsen, Rune"]
[Result "0-1"]
[WhiteElo "1615"]
[BlackElo "1339"]
[PlyCount "114"]
[EventDate "2017.04.11"]

1. e4 e5 2. Nf3 d6 3. Be2 Nf6 4. Nc3 b6 5. d4 exd4 6. Qxd4 Nc6 7. Bb5 Bd7 8.
Qc4 Na5 9. Bxd7+ Qxd7 10. Qd3 Nc6 11. Be3 g6 12. O-O Bg7 13. Rab1 O-O 14. Nd5
Ng4 15. h3 Nge5 16. Nxe5 Nxe5 17. Qd1 Rfe8 18. b3 Nc6 19. f3 Ne5 20. Bf2 c6 21.
Ne3 Qc7 22. Bg3 Re6 23. f4 Nd7 24. Nc4 Rxe4 25. Qxd6 Qxd6 26. Nxd6 Re2 27. Rfc1
b5 28. a4 a6 29. Kf1 Re6 30. Rd1 Nc5 31. a5 Bf8 32. Kg1 Rxd6 33. Rxd6 Bxd6 34.
Bf2 Ne4 35. g3 Nc3 36. Re1 Bb4 37. Bb6 Nd5 38. Re4 Nxb6 39. Rxb4 Nd5 40. Rd4
Re8 41. Kf2 Re6 42. c4 Ne7 43. Rd8+ Kg7 44. Ra8 bxc4 45. bxc4 c5 46. Kf3 Nc6
47. Rc8 Nd4+ 48. Kf2 Rc6 49. Rb8 Kf6 50. Ke3 Rd6 51. Ke4 Nf5 52. Rb6 Nxg3+ 53.
Kf3 Nf5 54. Ke4 Ke6 55. Kf3 Rxb6 56. axb6 Nd6 57. Ke2 Kd7 0-1

[Event "G7, gruppe 3"]
[Site "Skorping"]
[Date "2017.04.15"]
[Round "5"]
[White "Jensen, Johannes Frank"]
[Black "Christensen, John Christopher H"]
[Result "0-1"]
[WhiteElo "1201"]
[BlackElo "1408"]
[PlyCount "70"]
[EventDate "2017.04.11"]

1. d4 d5 2. Nc3 Nf6 3. Nf3 Bf5 4. Bg5 e6 5. e4 dxe4 6. Bxf6 Qxf6 7. Nd2 Bb4 8.
Be2 Bxc3 9. bxc3 O-O 10. O-O Nd7 11. Rb1 Rab8 12. Bg4 Nb6 13. Bxf5 exf5 14. f3
e3 15. Nb3 Rfe8 16. Re1 Nd5 17. Qd3 Qg6 18. Nc5 Nf4 19. Qf1 e2 20. Rxe2 Rxe2
21. g3 Qh6 22. h4 Rg2+ 23. Qxg2 Nxg2 24. Kxg2 Qd2+ 25. Kh1 Qxc3 26. Nb3 Qxf3+
27. Kg1 Qxg3+ 28. Kh1 Qxh4+ 29. Kg1 Qg4+ 30. Kh1 Qe4+ 31. Kg1 Qxc2 32. Ra1 Re8
33. Kh1 Re2 34. d5 Rh2+ 35. Kg1 Qg2# 0-1

[Event "G7, gruppe 3"]
[Site "Skorping"]
[Date "2017.04.15"]
[Round "5"]
[White "Weerd, Jens Ole van de"]
[Black "Christensen, Michael Leon"]
[Result "0-1"]
[WhiteElo "1438"]
[BlackElo "1467"]
[PlyCount "54"]
[EventDate "2017.04.11"]

1. d4 Nf6 2. c4 e6 3. Nf3 d5 4. c5 b6 5. b4 Bd7 6. Bf4 a5 7. Qb3 axb4 8. Qxb4
bxc5 9. dxc5 Nc6 10. Qc3 Ne4 11. Qc2 Bxc5 12. e3 Nb4 13. Qc1 Ba4 14. Na3 c6 15.
Be2 Be7 16. O-O Bf6 17. Be5 O-O 18. Bd1 Nd3 19. Qb1 Nxe5 20. Nd4 Bxd1 21. Qxd1
Rxa3 22. Rc1 Qa8 23. f4 Nc4 24. Nc2 Rxa2 25. Rf3 Ncd2 26. Rh3 Bb2 27. Qh5 Nf6
0-1

[Event "G7, gruppe 3"]
[Site "Skorping"]
[Date "2017.04.15"]
[Round "5"]
[White "Tolba, Henri"]
[Black "Jacobsen, Per"]
[Result "1/2-1/2"]
[WhiteElo "1679"]
[BlackElo "1574"]
[PlyCount "28"]
[EventDate "2017.04.11"]

1. d4 d5 2. Nf3 e6 3. Bf4 f5 4. c4 c6 5. cxd5 exd5 6. e3 Nf6 7. Bd3 Be7 8. O-O
O-O 9. Nbd2 Ne4 10. Bxb8 Rxb8 11. Ne5 Bd6 12. f4 Be6 13. Ndf3 Rf6 14. Qe1 Rh6
1/2-1/2

[Event "G7, gruppe 3"]
[Site "Skorping"]
[Date "2017.04.16"]
[Round "6"]
[White "Christensen, Michael Leon"]
[Black "Munksgaard, Bo"]
[Result "1/2-1/2"]
[WhiteElo "1467"]
[BlackElo "1724"]
[PlyCount "27"]
[EventDate "2017.04.11"]

1. d4 Nf6 2. c4 c5 3. Nc3 cxd4 4. Qxd4 Nc6 5. Qh4 d5 6. e3 Nb4 7. Ke2 Bf5 8. f3
Bd3+ 9. Kf2 dxc4 10. Bxd3 Nxd3+ 11. Ke2 Nxc1+ 12. Rxc1 Qd3+ 13. Kf2 O-O-O 14.
Nge2 1/2-1/2

[Event "G7, gruppe 3"]
[Site "Skorping"]
[Date "2017.04.16"]
[Round "6"]
[White "Nielsen, Rune"]
[Black "Tolba, Henri"]
[Result "0-1"]
[WhiteElo "1339"]
[BlackElo "1679"]
[PlyCount "64"]
[EventDate "2017.04.11"]

1. e4 c5 2. Nf3 Nc6 3. d3 g6 4. Nbd2 Bg7 5. Rb1 e6 6. Nb3 Nge7 7. c3 b6 8. Be3
d5 9. exd5 exd5 10. d4 c4 11. Nc1 Bf5 12. Ra1 b5 13. g3 O-O 14. Bg2 Qd7 15. h3
Rfe8 16. g4 Be4 17. Bf4 Bxf3 18. Qxf3 b4 19. O-O bxc3 20. bxc3 Nd8 21. h4 Ne6
22. Bh2 Rac8 23. a3 Rc6 24. Na2 a5 25. Rab1 Nc7 26. Rfe1 Re6 27. Rf1 Nc8 28.
Rb2 Nd6 29. Nc1 Ne4 30. Ne2 Nb5 31. Ra2 Rf6 32. Qg3 Nxg3 0-1

[Event "G7, gruppe 3"]
[Site "Skorping"]
[Date "2017.04.16"]
[Round "6"]
[White "Staugaard, Henning"]
[Black "Holten, Stig Abildgaard"]
[Result "0-1"]
[WhiteElo "1493"]
[BlackElo "1588"]
[PlyCount "42"]
[EventDate "2017.04.11"]

1. e4 d6 2. d4 Nf6 3. Nc3 Nbd7 4. Nf3 e5 5. Bc4 h6 6. O-O c6 7. Re1 Qc7 8. a3
Be7 9. Qd3 Nf8 10. h3 g5 11. d5 g4 12. hxg4 Nxg4 13. Nh2 Ng6 14. Nxg4 Bxg4 15.
Qg3 h5 16. f3 Bh4 17. Qxh4 Nxh4 18. fxg4 hxg4 19. Rf1 g3 20. Bg5 Rh5 21. Bf6
Qb6+ 0-1

[Event "G7, gruppe 3"]
[Site "Skorping"]
[Date "2017.04.16"]
[Round "6"]
[White "Jensen, Johannes Frank"]
[Black "Bogo, Mathias"]
[Result "0-1"]
[WhiteElo "1201"]
[BlackElo "1465"]
[PlyCount "184"]
[EventDate "2017.04.11"]

1. d4 Nf6 2. Bg5 d6 3. Bxf6 gxf6 4. Nc3 Bf5 5. e3 a6 6. Be2 e5 7. dxe5 fxe5 8.
e4 Be6 9. h3 Nd7 10. Bh5 Nb6 11. Qf3 Nc4 12. Nd5 Bxd5 13. exd5 Qe7 14. Rb1 Bh6
15. Qb3 Nb6 16. Nf3 O-O-O 17. Bg4+ Kb8 18. O-O Rhg8 19. Rbd1 Rdf8 20. a4 f5 21.
Bh5 Nd7 22. Qb4 Nf6 23. Rd3 Ka7 24. Rb3 Rb8 25. Re1 Nxd5 26. Qa5 Nf4 27. Rc3
Rg7 28. Nd4 Qg5 29. Rg3 b6 30. Rxg5 bxa5 31. Rxg7 Bxg7 32. Nc6+ Kb7 33. Nxb8
Nxh5 34. Nd7 Kc8 35. Nxe5 Bxe5 36. Rb1 c5 37. g4 Ng7 38. gxf5 Nxf5 39. Kf1 Nd4
40. c3 Nf3 41. Ke2 Ng5 42. h4 Ne6 43. Ke3 Kd7 44. Ke4 Nf4 45. b4 Ne2 46. Rb3
Nxc3+ 47. Kd3 Nxa4 48. bxa5 Kc6 49. Ke3 d5 50. f4 Bf6 51. f5 Bxh4 52. Kf4 Bf6
53. Re3 Bc3 54. Re6+ Kb5 55. f6 Bxf6 56. Rxf6 Kxa5 57. Rd6 d4 58. Ke4 Kb5 59.
Kd3 a5 60. Rh6 Nb6 61. Rxh7 a4 62. Ra7 Nd5 63. Kd2 Nc3 64. Kd3 Kb4 65. Rb7+ Nb5
66. Kc2 a3 67. Rb8 Kc4 68. Rb7 Nc3 69. Rb8 a2 70. Ra8 d3+ 71. Kd2 Kd4 72. Ra7
c4 73. Ra6 Ne4+ 74. Kd1 Nc3+ 75. Kd2 Ne4+ 76. Kc1 d2+ 77. Kd1 Kd3 78. Rd6+ Kc3
79. Ra6 Nf2+ 80. Ke2 d1=Q+ 81. Kxf2 a1=Q 82. Rxa1 Qxa1 83. Ke2 Kc2 84. Kf2 Kd2
85. Kf3 Qe1 86. Kf4 Kd3 87. Kf5 c3 88. Kf4 c2 89. Kf5 c1=Q 90. Kf6 Qf4+ 91. Kg7
Qeg3+ 92. Kh8 Qfh4# 0-1

[Event "G7, gruppe 3"]
[Site "Skorping"]
[Date "2017.04.16"]
[Round "6"]
[White "Christensen, John Christopher H"]
[Black "Weerd, Jens Ole van de"]
[Result "1-0"]
[WhiteElo "1408"]
[BlackElo "1438"]
[PlyCount "67"]
[EventDate "2017.04.11"]

1. d4 Nf6 2. c4 g6 3. Nc3 Bg7 4. e4 d6 5. Nf3 b6 6. Be2 O-O 7. O-O Bb7 8. Qc2
Nbd7 9. Rd1 c5 10. e5 Ne8 11. Bf4 Qc8 12. Nb5 dxe5 13. dxe5 a6 14. Nc3 Qc6 15.
Nd5 e6 16. Ne7+ Kh8 17. Nxc6 Bxc6 18. a4 f6 19. Qc1 fxe5 20. Bh6 e4 21. Bxg7+
Kxg7 22. Ng5 Nc7 23. Nxe4 Kg8 24. Qh6 Rf5 25. Rd6 Ne5 26. Ng5 Rxg5 27. Qxg5 Nf7
28. Qd2 Nxd6 29. Qxd6 Be4 30. Qxc7 Rf8 31. f3 Bf5 32. Qxb6 h5 33. g4 hxg4 34.
fxg4 1-0

[Event "G7, gruppe 3"]
[Site "Skorping"]
[Date "2017.04.16"]
[Round "6"]
[White "Andersen, Aage Kristian"]
[Black "Jacobsen, Per"]
[Result "1-0"]
[WhiteElo "1678"]
[BlackElo "1574"]
[PlyCount "42"]
[EventDate "2017.04.11"]

1. d4 d5 2. c4 e6 3. Nc3 c6 4. e3 Bd6 5. Bd3 Nd7 6. e4 dxe4 7. Nxe4 Bb4+ 8. Nc3
Ngf6 9. Nf3 O-O 10. O-O Re8 11. Qb3 Bd6 12. Bg5 Qc7 13. c5 Bxh2+ 14. Nxh2 e5
15. Rae1 exd4 16. Rxe8+ Nxe8 17. Ne2 Kf8 18. Nxd4 h6 19. Bh4 Qe5 20. Nhf3 Qh5
21. Re1 Ne5 1-0

[Event "G7, gruppe 3"]
[Site "Skorping"]
[Date "2017.04.17"]
[Round "7"]
[White "Tolba, Henri"]
[Black "Andersen, Aage Kristian"]
[Result "1-0"]
[WhiteElo "1679"]
[BlackElo "1678"]
[PlyCount "79"]
[EventDate "2017.04.11"]

1. e4 e5 2. Nf3 Nc6 3. Bb5 a6 4. Bxc6 dxc6 5. O-O Bd6 6. d4 exd4 7. Qxd4 Bf8 8.
Qxd8+ Kxd8 9. Rd1+ Ke8 10. Bf4 Bg4 11. Bxc7 Rc8 12. Ba5 Nf6 13. h3 Bxf3 14.
gxf3 Bc5 15. Nc3 b6 16. Na4 Bxf2+ 17. Kxf2 bxa5 18. Nc5 Rb8 19. b3 Rb6 20. a4
Ke7 21. Rd3 Rd8 22. Rxd8 Kxd8 23. Rd1+ Ke7 24. Ke3 g5 25. h4 g4 26. f4 h5 27.
c4 Rb8 28. e5 Ng8 29. Rd7+ Ke8 30. Rd6 Ne7 31. Rf6 Rd8 32. Nb7 Rd1 33. Nd6+ Kf8
34. Rxf7+ Kg8 35. Rxe7 Rb1 36. Rb7 Rh1 37. Nf5 Rh3+ 38. Ke4 Rc3 39. e6 g3 40.
Rg7+ 1-0

[Event "G7, gruppe 3"]
[Site "Skorping"]
[Date "2017.04.17"]
[Round "7"]
[White "Bogo, Mathias"]
[Black "Munksgaard, Bo"]
[Result "0-1"]
[WhiteElo "1465"]
[BlackElo "1724"]
[PlyCount "146"]
[EventDate "2017.04.11"]

1. e4 e6 2. Nc3 c5 3. d3 Nc6 4. Nf3 a6 5. d4 cxd4 6. Nxd4 Qc7 7. Bc4 Bb4 8. O-O
Nf6 9. f3 Ne5 10. Bf4 d6 11. Bb3 O-O 12. Bxe5 dxe5 13. Nde2 Rd8 14. Qc1 Be7 15.
Rd1 Bd7 16. a4 b5 17. axb5 axb5 18. Rxa8 Rxa8 19. Qd2 b4 20. Nb1 Rb8 21. Qe1 h6
22. Nd2 Bb5 23. Nc1 Rd8 24. Nf1 Rc8 25. Nd3 Rd8 26. Ne3 Bxd3 27. Rxd3 Rxd3 28.
cxd3 Bc5 29. Kf1 Bxe3 30. Qxe3 Qd6 31. Ke2 Qd4 32. Qd2 Nd7 33. Qc2 Nc5 34. Bc4
Qg1 35. Qd2 Qxg2+ 36. Ke3 Qg1+ 37. Qf2 Qc1+ 38. Qd2 Qg1+ 39. Qf2 Qxf2+ 40. Kxf2
g5 41. Ke3 Kf8 42. Bb5 Ke7 43. h3 Nb3 44. Bc4 Nd4 45. Ba6 f5 46. Kf2 f4 47. Bc4
Kd6 48. b3 Kc5 49. Kg2 Ne2 50. Kf2 Nc1 51. Ke1 Kd4 52. Kd2 Na2 53. Bxe6 Nc3 54.
Bc4 Nb1+ 55. Kc2 Nc3 56. Kd2 Nb1+ 57. Kc2 Nc3 58. Kd2 Kc5 59. Be6 Kd6 60. Bf5
Nb5 61. Bc8 Nd4 62. Bg4 Nxb3+ 63. Kc2 Nd4+ 64. Kb2 Kc5 65. Bh5 Ne2 66. Kc2 Kd4
67. Kb3 Kxd3 68. Kxb4 Ke3 69. Kc5 Ng1 70. Kd5 Nxf3 71. Bg4 Nd2 72. Kxe5 f3 73.
Bxf3 Kxf3 0-1

[Event "G7, gruppe 3"]
[Site "Skorping"]
[Date "2017.04.17"]
[Round "7"]
[White "Holten, Stig Abildgaard"]
[Black "Nielsen, Rune"]
[Result "1-0"]
[WhiteElo "1588"]
[BlackElo "1339"]
[PlyCount "81"]
[EventDate "2017.04.11"]

1. d4 d5 2. Bf4 Nc6 3. e3 Bf5 4. a3 Nf6 5. c4 e6 6. Nc3 Bd6 7. Bg3 O-O 8. Qb3
Na5 9. Qa4 c6 10. Bxd6 Qxd6 11. Qxa5 b6 12. Qa4 dxc4 13. Qd1 b5 14. Nf3 Ne4 15.
Nh4 Bg6 16. Nxg6 Nxc3 17. bxc3 fxg6 18. Be2 Rad8 19. Bf3 Qc7 20. O-O c5 21. Qb1
a6 22. Re1 cxd4 23. exd4 Rfe8 24. Re5 Qf7 25. Qe4 Rd6 26. Re1 Kh8 27. Bg4 Rf8
28. f3 Qf4 29. Qxf4 Rxf4 30. Bxe6 Rf6 31. Bxc4 h6 32. Bd3 Rc6 33. Re8+ Kh7 34.
Rd8 Rxc3 35. Ree8 Rc1+ 36. Kf2 Rf1+ 37. Kxf1 Rxf3+ 38. gxf3 b4 39. axb4 a5 40.
bxa5 h5 41. Rh8# 1-0

[Event "G7, gruppe 3"]
[Site "Skorping"]
[Date "2017.04.17"]
[Round "7"]
[White "Dithlevsen, Birgit"]
[Black "Jensen, Johannes Frank"]
[Result "1/2-1/2"]
[WhiteElo "1615"]
[BlackElo "1201"]
[PlyCount "138"]
[EventDate "2017.04.11"]

1. e4 d5 2. exd5 Qxd5 3. Nc3 Qa5 4. Nf3 Nf6 5. d3 e6 6. Bd2 c6 7. Ne4 Qd8 8.
Bc3 Nxe4 9. dxe4 Nd7 10. Bd3 Nc5 11. O-O Nxd3 12. cxd3 Qe7 13. Ne5 Qh4 14. Nf3
Qh5 15. Ne5 Qh4 16. Qg4 Qxg4 17. Nxg4 Bd7 18. a4 f6 19. a5 Be7 20. h3 O-O 21.
f4 f5 22. Ne5 Bc8 23. g3 fxe4 24. dxe4 h6 25. Ng6 Bc5+ 26. Kg2 Rd8 27. Rad1 Bd7
28. b4 Bf8 29. Ne5 Be8 30. Rd3 Rxd3 31. Nxd3 Rd8 32. Kf2 Rxd3 33. Rc1 b6 34.
axb6 axb6 35. Be1 c5 36. bxc5 bxc5 37. Ke2 Bb5 38. Kf2 c4 39. Bc3 Ba3 40. Rb1
Rxc3 41. Rxb5 Rb3 42. Ra5 c3 43. Ra8+ Kh7 44. Rc8 Rb2+ 45. Ke1 c2 46. Kd2 Bb4+
47. Kc1 Ra2 48. Rxc2 Rxc2+ 49. Kxc2 Be1 50. g4 Bg3 51. f5 exf5 52. exf5 g6 53.
Kd3 gxf5 54. gxf5 Kg7 55. Ke3 Kf6 56. Kf3 Bb8 57. Kg4 Ba7 58. Kh5 Be3 59. Kg4
Bc1 60. h4 Kg7 61. Kh5 Kf7 62. Kg4 Kf6 63. Kh5 Bg5 64. Kg4 Bd2 65. Kh5 Kg7 66.
Kg4 Be1 67. Kh5 Bd2 68. Kg4 Kf6 69. Kh5 Kxf5 1/2-1/2

[Event "G7, gruppe 3"]
[Site "Skorping"]
[Date "2017.04.17"]
[Round "7"]
[White "Jacobsen, Per"]
[Black "Christensen, Michael Leon"]
[Result "1/2-1/2"]
[WhiteElo "1574"]
[BlackElo "1467"]
[PlyCount "89"]
[EventDate "2017.04.11"]

1. b3 e5 2. Bb2 d6 3. e3 Nc6 4. Nf3 g6 5. Be2 Bg7 6. a3 Nf6 7. d4 Qe7 8. c4 O-O
9. O-O Bf5 10. Nc3 Rad8 11. d5 Nb8 12. Qd2 c6 13. Rac1 Ne4 14. Nxe4 Bxe4 15.
dxc6 Nxc6 16. b4 b6 17. Qc3 Rc8 18. Nd2 Bf5 19. b5 Na5 20. a4 Rc5 21. Rfe1 Rd8
22. Nb3 Nxb3 23. Qxb3 Be6 24. Rc2 Bf8 25. Rd2 Qc7 26. Rc1 Qc8 27. Ba3 Rc7 28.
Rcd1 Bxc4 29. Bxc4 Rxc4 30. g3 Rc3 31. Qb2 Qc7 32. Bxd6 Bxd6 33. Rxd6 Rxd6 34.
Rxd6 Qxd6 35. Qxc3 Qd1+ 36. Kg2 Qd5+ 37. f3 e4 38. f4 Qd1 39. h4 Qxa4 40. Qc6
Qb4 41. Qe8+ Kg7 42. Qe5+ Kg8 43. Kh3 h5 44. Qe8+ Kg7 45. Qe5+ 1/2-1/2